| 000 | 00541nam a22001937a 4500 | ||
|---|---|---|---|
| 999 |
_c7639 _d7639 |
||
| 003 | OSt | ||
| 005 | 20220121101215.0 | ||
| 008 | 220121b ||||| |||| 00| 0 eng d | ||
| 020 | _a0521347963 | ||
| 040 | _cDDC | ||
| 082 | _a531 JOH 1985 | ||
| 100 |
_aJOHNSON,K,L; _915626 |
||
| 245 |
_aContact Mechanics. _cJOHNSON,K,L; |
||
| 260 |
_aUnited kingdom. _bCambridge university press. _c1985 |
||
| 300 |
_axi,452p; _bill,col; _c24cms. |
||
| 504 | _aAppendix, reference and index are included; | ||
| 650 |
_aphysics. _9809 |
||
| 942 |
_2ddc _cO_SHELF |
||